América desde la revolución emancipadora hasta nuestros días / (Record no. 137351)

MARC details
000 -LEADER
campo de control de longitud fija 00616nam a2200181 4500
001 - NÚMERO DE CONTROL
campo de control 137351
003 - IDENTIFICADOR DE NÚMERO DE CONTROL
campo de control ES-MaACL
007 - CAMPO FIJO DE DESCRIPCIÓN FÍSICA--INFORMACIÓN GENERAL
campo de control de longitud fija t|
008 - DATOS DE LONGITUD FIJA--INFORMACIÓN GENERAL
campo de control de longitud fija 070214s1975 sp r ||||1| spa d
100 0# - ENTRADA PRINCIPAL--NOMBRE DE PERSONA
Nombre de persona Sánchez, Luis Alberto,
Fechas asociadas al nombre 1900-1994
9 (RLIN) 102397
245 10 - MENCIÓN DEL TÍTULO
Título América desde la revolución emancipadora hasta nuestros días /
Mención de responsabilidad, etc. Luis Alberto Sánchez.
260 ## - PUBLICACIÓN, DISTRIBUCIÓN, ETC.
Lugar de publicación, distribución, etc. Madrid :
Nombre del editor, distribuidor, etc. Edaf,
Fecha de publicación, distribución, etc. 1975.
300 ## - DESCRIPCIÓN FÍSICA
Extensión 405 p. ;
Dimensiones 19 cm.
490 1# - MENCIÓN DE SERIE
Mención de serie Colección nueva historia del mundo ;
Designación de volumen o secuencia 8
830 0# - PUNTO DE ACCESO ADICIONAL DE SERIE-TÍTULO UNIFORME
Título uniforme Colección nueva historia del mundo ;
Designación de volumen o secuencia 8
9 (RLIN) 220076
852 ## - LOCALIZACIÓN
Ubicación ES-MaACL
Número de control de estantería E-8963
Sublocalización o colección R.93332
Holdings
Estatus retirado Estado de pérdida Estado de daño No para préstamo Biblioteca de origen Biblioteca actual Ubicación en estantería Fecha de adquisición Fuente de adquisición Total de préstamos Signatura topográfica completa Código de barras Visto por última vez Precio de reemplazo Tipo de ítem Koha
        Biblioteca del Ateneo de Madrid Biblioteca del Ateneo de Madrid Depósito 2 17/01/2008     E-8963 1142933 23/02/2023 23/02/2023 Libro impreso